00322nam a2200121Ia 4500008004100000041000800041082001400049100002000063245004000083260003800123300003000161365000900191240624s9999 xx 000 0 und d aeng a658.3 FOM aFOMBRUN CHARLES aSTRATEGIC HUMAN RESOURCE MANAGEMENT c1984aNew YorkbJohn Wiley & Sons axv, : 499 : p. : cm. ; 24 cb28